| 000 | 01159nam a2200205Ia 4500 | ||
|---|---|---|---|
| 003 | IN-BaIIA | ||
| 008 | 211028s9999 xx 000 0 eng d | ||
| 040 | _cIIA Library | ||
| 080 |
_a52-14:68.3(082.2) _bNRA |
||
| 111 |
_aWorkshop on the Use of Supercomputers in Observational Astronomy Organised by the National Radio Astronomy Observatory and the Department of Physics and Astronomy of the University of Minnesota _cMinneapolis _d1985 Nov. 4-6 _916416 |
||
| 245 | 4 |
_aThe use of supercomputers in observational astronomy _bproceedings of a workshop on the use of supercomputers in observational astronomy organised by the National Radio Astronomy Observatory and the Department of Physics and Astronomy of the University of Minnesota held in Minneapolis on November 4-6, 1985 _cedited by T. J. Cornwell |
|
| 260 |
_aWest Virginia _bNational Radio Astronomy Observatory _c1988 |
||
| 300 | _aiv, 148p. | ||
| 490 | _aNRAO workshop no.15 | ||
| 650 | _aAstronomy and astrophysics thesaurus | ||
| 650 |
_aObservational astronomy _93292 |
||
| 650 |
_aSupercomputers _915232 |
||
| 700 |
_aCornwell, T. J., ed. _916417 |
||
| 942 | _cBK | ||
| 999 |
_c9710 _d9710 |
||